000 00647nam a2200289Ia 4500
005 20260324150750.0
008 008 260324s9999 xx 000 0 eng d
020 _a9781315007649
037 _aEBOOK
040 _aCRL
040 _beng
040 _cCRL
041 _2eng
041 _aeng
084 _qCRL
100 _aE.A. Gutkind
_91227528
245 0 _aCreative Demobilisation
245 0 _bPart 1
260 _bTaylor and Francis
260 _c1943
365 _a
365 _b300
856 _uhttp://www.taylorfrancis.com/books/9781315007649
942 _cEBOOK
999 _c1837581
_d1837581